00197 a2200085 4500001000700000040003500007100002600042240002400068245001900092146633 cEscola São Tomás de Aquino aDUPRÉ, Maria José10aA Mina de Ourolpor10aA Mina de Ouro